000 00383cam a22001337a 4500
008 180718b1978 xxu||||| |||| 00| 0 eng d
082 _aT394 L589
100 _aLewis, W. Arthur
245 _aThe evolution of the international economic order
_cby W. Arthur Lewis
260 _aNew Delhi
_bKalyani
_c1978
300 _a81p.
650 _aForeign Commerce
650 _aCommercial Policy
999 _c476952
_d476952